[Event "Reykjavik op"]
[Site "Reykjavik"]
[Date "2024.03.16"]
[Round "3"]
[White "Novak, Vjekoslav"]
[Black "Bottema, Martin"]
[Result "1/2-1/2"]
[WhiteElo "1833"]
[BlackElo "2053"]
[PlyCount "36"]
[EventDate "2024.03.15"]
[EventType "swiss"]
[EventRounds "9"]
[EventCountry "ISL"]
[SourceTitle "CB13_2024"]
[SourceDate "2024.03.27"]
[SourceVersion "1"]
[SourceVersionDate "2024.03.27"]
[SourceQuality "1"]

1. f4 Nf6 2. Nf3 c5 3. b3 g6 4. Bb2 Bg7 5. e3 0-0 6. c4 Nc6 7. Ne5 d6 8. Nxc6 bxc6 9. Be2 a5 10. Nc3 Nd7 11. 0-0 Nb6 12. Qc2 e5 13. Bf3 Bd7 14. Ne2 Qe7 15. a4 f5 16. fxe5 Bxe5 17. Bxe5 Qxe5 18. Rae1 Rfe8 1/2-1/2

[Event "Dublin-ch Final Weekender 100th"]
[Site "Dublin"]
[Date "2021.08.21"]
[Round "2"]
[White "Liu, Jason"]
[Black "Novak, Vjekoslav"]
[Result "1/2-1/2"]
[WhiteElo "913"]
[BlackElo "1736"]
[PlyCount "31"]
[EventDate "2021.08.20"]
[EventType "swiss"]
[EventRounds "5"]
[EventCountry "IRL"]
[SourceTitle "CBM 204 Extra"]
[Source "ChessBase"]
[SourceDate "2021.11.30"]
[SourceVersion "1"]
[SourceVersionDate "2021.11.30"]
[SourceQuality "1"]

1. e4 d5 2. exd5 Nf6 3. Be2 Qxd5 4. Nf3 Bg4 5. d4 Nc6 6. Be3 0-0-0 7. c4 Qh5 8. Nbd2 e5 9. d5 Nd4 10. Nxd4 exd4 11. Bxg4+ Nxg4 12. Bxd4 Bb4 13. h3 Rhe8+ 14. Kf1 f5 15. a3 Bxd2 16. Qxd2 1/2-1/2

[Event "Dublin St Andrews op-B"]
[Site "Dublin"]
[Date "2019.09.22"]
[Round "6"]
[White "Bergin, Cian"]
[Black "Novak, Vjekoslav"]
[Result "0-1"]
[WhiteElo "1395"]
[BlackElo "1687"]
[PlyCount "100"]
[EventDate "2019.09.20"]
[EventType "swiss"]
[EventRounds "6"]
[EventCountry "IRL"]
[SourceTitle "EXT 2020"]
[Source "ChessBase"]
[SourceDate "2019.10.17"]
[SourceVersion "1"]
[SourceVersionDate "2019.10.17"]
[SourceQuality "1"]

1. d4 f5 2. Qd3 Nf6 3. Qxf5 d5 4. Qd3 g6 5. c3 Nc6 6. Nf3 Bf5 7. Qb5 Qd7 8. Ne5 Nxe5 9. e4 Nc4 10. Qxb7 Qc8 11. Qxc8+ Bxc8 12. exd5 Nd6 13. c4 Nf5 14. Be3 Ng4 15. Ke2 Ngxe3 16. fxe3 Bh6 17. e4 Nxd4+ 18. Kd3 Bg7 19. Nc3 Rb8 20. b3 0-0 21. Re1 a5 22. e5 c5 23. dxc6 Nxc6 24. e6 Nb4+ 25. Kd2 Bxc3+ 26. Kxc3 Nxa2+ 27. Kb2 Nb4 28. h4 Rf2+ 29. Re2 Nd3+ 30. Kc2 Rxb3 31. Rxf2 Nxf2 32. Kxb3 Nxh1 33. Ka4 Bxe6 34. c5 Ng3 35. Bb5 Nf5 36. h5 gxh5 37. Be8 Ng7 38. Bc6 h4 39. Bf3 Nf5 40. Kxa5 Nd4 41. Bb7 h3 42. gxh3 Bxh3 43. Kb6 Bd7 44. Kc7 Ba4 45. Bd5+ Kg7 46. Be4 h5 47. Kd8 Kf6 48. Kc7 h4 49. Bh1 h3 50. Kd8 Bc6 0-1

[Event "Topusko op 4th"]
[Site "Topusko"]
[Date "2015.08.08"]
[Round "9"]
[White "Vidmar, Klara"]
[Black "Novak, Vjekoslav"]
[Result "0-1"]
[WhiteElo "1452"]
[BlackElo "1733"]
[PlyCount "112"]
[EventDate "2015.08.01"]
[EventType "swiss"]
[EventRounds "9"]
[EventCountry "CRO"]
[SourceTitle "CBM 167 Extra"]
[Source "ChessBase"]
[SourceDate "2015.09.14"]
[SourceVersion "1"]
[SourceVersionDate "2015.09.14"]
[SourceQuality "1"]

1. e4 d6 2. d4 g6 3. Nf3 Bg7 4. Be2 f5 5. Nc3 fxe4 6. Nxe4 Bf5 7. Ng3 Qd7 8. Bd3 Bxd3 9. Qxd3 Nf6 10. Qb3 Nc6 11. Qxb7 Rb8 12. Qa6 0-0 13. Qe2 e5 14. dxe5 dxe5 15. Qd2 Qg4 16. h3 Qc4 17. c3 e4 18. Ng1 Ne5 19. N1e2 Nd3+ 20. Kf1 Rbd8 21. Qg5 Nd5 22. Be3 Nxe3+ 23. Qxe3 Nxf2 24. Ke1 Nd3+ 25. Kd1 Nf2+ 26. Kc2 Nxh1 27. Rxh1 Qa4+ 28. Kb1 Rd1+ 29. Rxd1 Qxd1+ 30. Qc1 Qd3+ 31. Qc2 Be5 32. Nxe4 Qe3 33. Nc1 Bf4 34. c4 Qxc1+ 35. Qxc1 Bxc1 36. Kxc1 Rf4 37. Nd2 Kf7 38. Kc2 Rf2 39. g4 Rh2 40. Kc1 Rxh3 41. Ne4 Rh2 42. g5 Rh4 43. Nd2 Rg4 44. Nf3 Rxc4+ 45. Kd2 Ra4 46. a3 Ke6 47. Ke3 c5 48. Nd2 Kf5 49. Nf3 Re4+ 50. Kd3 Kf4 51. Nd2 Rd4+ 52. Kc3 Rd5 53. Nb3 Rxg5 54. Kc4 h5 55. Nxc5 Rxc5+ 56. Kxc5 h4 0-1

[Event "Topusko op 3rd"]
[Site "Topusko"]
[Date "2014.08.12"]
[Round "6"]
[White "Novak, Vjekoslav"]
[Black "Hladnic, Emanuel"]
[Result "0-1"]
[WhiteElo "1762"]
[BlackElo "1906"]
[PlyCount "54"]
[EventDate "2014.08.08"]
[EventType "swiss"]
[EventRounds "9"]
[EventCountry "CRO"]
[SourceTitle "CBM 162 Extra"]
[Source "ChessBase"]
[SourceDate "2014.10.17"]
[SourceVersion "1"]
[SourceVersionDate "2014.10.17"]
[SourceQuality "1"]

1. f4 g6 2. e4 d6 3. Nf3 Bg7 4. d4 Nf6 5. Bd3 0-0 6. 0-0 Nfd7 7. c3 e5 8. fxe5 dxe5 9. Qb3 Nc5 10. Qc4 Nxd3 11. Qxd3 exd4 12. cxd4 c5 13. d5 Nc6 14. Nc3 Nb4 15. Qe2 b6 16. a4 Ba6 17. Nb5 Re8 18. Ng5 Qxd5 19. Rxf7 Bd4+ 20. Kh1 h6 21. Qf3 Bxb5 22. Qh3 Rxe4 23. Bd2 Re2 24. axb5 Rxd2 25. Raf1 Qxg5 26. Rf8+ Rxf8 27. Qe6+ Kh7 0-1

[Event "Topusko op 3rd"]
[Site "Topusko"]
[Date "2014.08.09"]
[Round "3"]
[White "Novak, Vjekoslav"]
[Black "Takac, Zvonko"]
[Result "1/2-1/2"]
[WhiteElo "1762"]
[BlackElo "2062"]
[PlyCount "97"]
[EventDate "2014.08.08"]
[EventType "swiss"]
[EventRounds "9"]
[EventCountry "CRO"]
[SourceTitle "CBM 162 Extra"]
[Source "ChessBase"]
[SourceDate "2014.10.17"]
[SourceVersion "1"]
[SourceVersionDate "2014.10.17"]
[SourceQuality "1"]

1. d4 Nf6 2. c4 g6 3. Nc3 d5 4. cxd5 Nxd5 5. e4 Nxc3 6. bxc3 Bg7 7. Bc4 0-0 8. Ne2 c5 9. 0-0 Nc6 10. Be3 cxd4 11. cxd4 Na5 12. Bd3 b6 13. Rc1 Bb7 14. Qd2 Qd7 15. Bh6 Rac8 16. Bxg7 Kxg7 17. Rxc8 Rxc8 18. Rc1 Rxc1+ 19. Qxc1 Qa4 20. Qc2 Qxc2 21. Bxc2 Ba6 22. Nc1 Bc4 23. Bd3 b5 24. Bxc4 Nxc4 25. f3 a5 26. Kf2 Kf6 27. Ke2 Ke6 28. Kd3 Kd6 29. Nb3 Kc6 30. f4 e6 31. g3 f5 32. Nc5 Kd6 33. e5+ Ke7 34. Nb3 a4 35. Nc5 Nb6 36. Kd2 Nd5 37. a3 h6 38. h4 h5 39. Kd3 b4 40. axb4 Nxb4+ 41. Kc4 Nd5 42. Nxa4 Ne3+ 43. Kc5 Nf1 44. Nc3 Nxg3 45. d5 exd5 46. Nxd5+ Ke6 47. Nc3 Nf1 48. Kd4 Nd2 49. Ke3 1/2-1/2

[Event "Bjelovar op 6th"]
[Site "Bjelovar"]
[Date "2014.08.05"]
[Round "6"]
[White "Jakrlin, Mihael"]
[Black "Novak, Vjekoslav"]
[Result "1/2-1/2"]
[WhiteElo "1619"]
[BlackElo "1762"]
[PlyCount "90"]
[EventDate "2014.08.03"]
[EventType "swiss"]
[EventRounds "7"]
[EventCountry "CRO"]
[SourceTitle "EXT 2019"]
[Source "ChessBase"]
[SourceDate "2018.10.10"]
[SourceVersion "1"]
[SourceVersionDate "2018.10.10"]
[SourceQuality "1"]

1. Nf3 d5 2. g3 c5 3. Bg2 Nc6 4. 0-0 e5 5. d3 Nf6 6. c4 Be7 7. Nbd2 0-0 8. b3 d4 9. Ne1 Qc7 10. Nb1 h6 11. f4 Re8 12. Na3 a6 13. e4 dxe3 14. Bxe3 Bg4 15. Qc1 Rad8 16. Qc3 Nd4 17. Kh1 Be2 18. Rg1 Ng4 19. Qd2 Nxe3 20. Qxe3 exf4 21. Qxf4 Bd6 22. Qf2 Re5 23. Bd5 Rde8 24. Be4 R8e6 25. Rc1 Rf6 26. Qg2 b6 27. Nac2 Nxc2 28. Rxc2 Bg4 29. a3 Rh5 30. Bf3 Bxf3 31. Nxf3 Rg6 32. Qf2 Bxg3 33. Qe3 Re6 34. Qc1 Bf4 35. Qf1 Qc6 36. Rcg2 g6 37. Qd1 Re3 38. Rf1 Rh3 39. Rgf2 Rexf3 40. Rxf3 Rxh2+ 41. Kg1 g5 42. R1f2 Rxf2 43. Rxf2 Be3 44. Qg4 Bxf2+ 45. Kxf2 Qf6+ 1/2-1/2

[Event "Topusko op 2nd"]
[Site "Topusko"]
[Date "2013.08.08"]
[Round "6"]
[White "Radenic, Filip"]
[Black "Novak, Vjekoslav"]
[Result "1-0"]
[WhiteElo "1612"]
[BlackElo "1804"]
[PlyCount "73"]
[EventDate "2013.08.03"]
[EventType "swiss"]
[EventRounds "7"]
[EventCountry "CRO"]
[SourceTitle "CBM 155 Extra"]
[Source "ChessBase"]
[SourceDate "2013.08.26"]
[SourceVersion "1"]
[SourceVersionDate "2013.08.26"]
[SourceQuality "1"]

1. Nf3 Nf6 2. c4 e6 3. d4 Bb4+ 4. Bd2 Bxd2+ 5. Nbxd2 d5 6. e3 0-0 7. Qc2 b6 8. Bd3 Bb7 9. cxd5 exd5 10. 0-0 Nbd7 11. Ne5 g6 12. f4 c5 13. b3 Rc8 14. Qb1 Qe7 15. Bc2 Rc7 16. Qb2 Rfc8 17. Rac1 Ba6 18. Rf3 c4 19. bxc4 dxc4 20. Qb1 Nd5 21. e4 Nb4 22. Nxd7 Rxd7 23. d5 Qc5+ 24. Kh1 c3 25. Nb3 Qc4 26. a3 Nxc2 27. Qxc2 Qa4 28. Ra1 Rc4 29. Rxc3 Rxc3 30. Qxc3 Rd8 31. Qb4 Qd7 32. h3 Rc8 33. Nd2 Qc7 34. e5 Bb7 35. Qd4 Qd7 36. Ne4 Qxd5 37. Nf6+ 1-0

[Event "Topusko op 2nd"]
[Site "Topusko"]
[Date "2013.08.06"]
[Round "4"]
[White "Takac, Zvonko"]
[Black "Novak, Vjekoslav"]
[Result "1-0"]
[WhiteElo "2072"]
[BlackElo "1804"]
[PlyCount "103"]
[EventDate "2013.08.03"]
[EventType "swiss"]
[EventRounds "7"]
[EventCountry "CRO"]
[SourceTitle "CBM 155 Extra"]
[Source "ChessBase"]
[SourceDate "2013.08.26"]
[SourceVersion "1"]
[SourceVersionDate "2013.08.26"]
[SourceQuality "1"]

1. e4 d5 2. exd5 Qxd5 3. Nc3 Qa5 4. d4 Nf6 5. Nf3 Bg4 6. Bc4 e6 7. 0-0 Bd6 8. h3 Bxf3 9. Qxf3 c6 10. Bd2 Qc7 11. Rae1 0-0 12. Ne4 Nbd7 13. Nxd6 Qxd6 14. c3 a5 15. Bf4 Qe7 16. a3 Rfe8 17. Re2 Nd5 18. Bd2 Qf6 19. Qg3 Qg6 20. Qxg6 hxg6 21. Rfe1 b5 22. Bd3 Reb8 23. Bg5 Nf8 24. Bb1 Rc8 25. Ba2 Nd7 26. Bh4 N7b6 27. Bg3 Rd8 28. Rc2 a4 29. Rce2 Ra7 30. Bb1 Ne7 31. Bh4 Re8 32. g4 Nbd5 33. Bg3 Rd8 34. Kg2 Kf8 35. h4 Nf6 36. f3 Rd5 37. Be5 Rdd7 38. Rh1 Ned5 39. h5 gxh5 40. g5 Ng8 41. Rxh5 f6 42. Bg3 Kf7 43. g6+ Ke7 44. Bf5 Nc7 45. Bxc7 Rdxc7 46. Bxe6 Nh6 47. Rxh6 Kd6 48. Rh4 Re7 49. Rhe4 Ra8 50. Bf7 Rxe4 51. Rxe4 Rh8 52. Re8 1-0

[Event "Podturen Mavrin Memorial"]
[Site "Podturen"]
[Date "2013.01.03"]
[Round "1"]
[White "Novak, Vjekoslav"]
[Black "Loncar, Robert"]
[Result "0-1"]
[WhiteElo "1786"]
[BlackElo "2409"]
[PlyCount "86"]
[EventDate "2013.01.03"]
[EventType "swiss"]
[EventRounds "7"]
[EventCountry "CRO"]
[SourceTitle "CBM 152 Extra"]
[Source "ChessBase"]
[SourceDate "2013.02.25"]
[SourceVersion "1"]
[SourceVersionDate "2013.02.25"]
[SourceQuality "1"]

1. d4 Nf6 2. c4 e6 3. Nc3 Bb4 4. Qc2 c5 5. dxc5 0-0 6. Nf3 Bxc5 7. Bg5 h6 8. Bh4 b6 9. e4 Be7 10. Bd3 d6 11. e5 Ne8 12. Be4 Bxh4 13. Bxa8 dxe5 14. Rd1 Qe7 15. 0-0 Bf6 16. Ne4 Nc7 17. Nxf6+ gxf6 18. Qe4 Nxa8 19. Qxa8 Qc7 20. Qe4 Bb7 21. Qh4 Kg7 22. h3 Rg8 23. Nh2 Qc6 24. f3 Qc5+ 25. Kh1 f5 26. Rd8 Rxd8 27. Qxd8 Nc6 28. Qc7 Na5 29. Qxc5 bxc5 30. b3 Nc6 31. Rd1 Nd4 32. Rd2 e4 33. fxe4 fxe4 34. Nf1 a5 35. Kg1 f5 36. Rf2 e5 37. g3 f4 38. gxf4 exf4 39. Rb2 e3 40. Nxe3 fxe3 41. Kf1 Be4 42. a3 Bd3+ 43. Ke1 Nc2+ 0-1

[Event "Topusko op"]
[Site "Topusko"]
[Date "2012.08.08"]
[Round "5"]
[White "Takac, Zvonko"]
[Black "Novak, Vjekoslav"]
[Result "1-0"]
[WhiteElo "2090"]
[BlackElo "1788"]
[PlyCount "55"]
[EventDate "2012.08.04"]
[EventType "swiss"]
[EventRounds "7"]
[EventCountry "CRO"]
[SourceTitle "EXT 2013"]
[Source "ChessBase"]
[SourceDate "2012.11.22"]
[SourceVersion "1"]
[SourceVersionDate "2012.11.22"]
[SourceQuality "1"]

1. d4 Nf6 2. Nf3 d5 3. c4 e6 4. Nc3 c6 5. e3 Bd6 6. Bd3 Nbd7 7. 0-0 0-0 8. b3 dxc4 9. bxc4 b6 10. Qc2 Re8 11. Ng5 Bxh2+ 12. Kxh2 Ng4+ 13. Kg1 Qxg5 14. f3 Nxe3 15. Qe2 Qxg2+ 16. Qxg2 Nxg2 17. Kxg2 Ba6 18. Rh1 g6 19. Ne4 e5 20. dxe5 Rxe5 21. Bb2 Rf5 22. Ng3 Rf4 23. Rxh7 Nf6 24. Bxf6 Rxf6 25. Rah1 Rd6 26. Ne4 Kf8 27. Nxd6 Ke7 28. Nxf7 1-0

[Event "CRO-chT3 Center-A"]
[Site "Zagreb"]
[Date "2011.10.30"]
[Round "11.36"]
[White "Tretinjak, Dario"]
[Black "Novak, Vjekoslav"]
[Result "1/2-1/2"]
[WhiteElo "1810"]
[BlackElo "1774"]
[PlyCount "62"]
[EventDate "2011.03.13"]
[EventType "team-tourn"]
[EventRounds "11"]
[EventCountry "CRO"]
[SourceTitle "EXT 2014"]
[Source "ChessBase"]
[SourceDate "2013.11.20"]
[SourceVersion "1"]
[SourceVersionDate "2013.11.20"]
[SourceQuality "1"]

1. d4 d5 2. c4 c6 3. e3 Nf6 4. Nc3 g6 5. Nf3 Bg7 6. b3 0-0 7. Be2 Re8 8. Bb2 Bg4 9. 0-0 dxc4 10. bxc4 e6 11. Qb3 Qc7 12. h3 Bxf3 13. Bxf3 Nbd7 14. c5 Rab8 15. Qa4 e5 16. Rfe1 e4 17. Bd1 Nd5 18. Nxd5 cxd5 19. Bb3 Nxc5 20. dxc5 Bxb2 21. Rab1 Bg7 22. Bxd5 Qxc5 23. Bxe4 b5 24. Qc2 Qxc2 25. Bxc2 b4 26. Red1 a5 27. Rd7 Bf6 28. Ra7 Ra8 29. Rxa8 Rxa8 30. Rd1 Rd8 31. Rxd8+ Bxd8 1/2-1/2

[Event "CRO-chT4A Center"]
[Site "Zagreb"]
[Date "2010.03.21"]
[Round "1.35"]
[White "Novak, Vjekoslav"]
[Black "Pfeifer, Antun"]
[Result "1/2-1/2"]
[WhiteElo "1815"]
[BlackElo "1900"]
[PlyCount "84"]
[EventDate "2010.03.21"]
[EventType "team-tourn"]
[EventRounds "11"]
[EventCountry "CRO"]
[SourceTitle "EXT 2012"]
[Source "ChessBase"]
[SourceDate "2011.11.24"]
[SourceVersion "1"]
[SourceVersionDate "2011.11.24"]
[SourceQuality "1"]

1. d4 Nf6 2. c4 e6 3. Nc3 c5 4. e3 b6 5. Be2 Bb7 6. Nf3 Ne4 7. 0-0 Be7 8. Nxe4 Bxe4 9. Bd3 Bxd3 10. Qxd3 Nc6 11. a3 0-0 12. Rd1 d6 13. d5 exd5 14. Qxd5 Qc7 15. b3 Bf6 16. Ra2 Rad8 17. Rad2 Rfe8 18. Bb2 Bxb2 19. Rxb2 Ne5 20. Rbd2 Nxf3+ 21. Qxf3 Re6 22. Rd5 Qe7 23. Qf4 h6 24. h3 Kf8 25. Qf5 Qf6 26. Qxf6 Rxf6 27. e4 Re6 28. f3 Ke7 29. Kf2 Re5 30. Ke3 Rxd5 31. Rxd5 f6 32. h4 g6 33. g4 Rf8 34. f4 Ke6 35. f5+ gxf5 36. Rxf5 Rg8 37. Kf4 a6 38. a4 Rg7 39. Rd5 Rg8 40. Rh5 Rg6 41. Rd5 Rg8 42. Rh5 Rg6 1/2-1/2

[Event "CRO-chT3"]
[Site "Zagreb"]
[Date "2008.04.06"]
[Round "2"]
[White "Bozic, Miljenko"]
[Black "Novak, Vjekoslav"]
[Result "0-1"]
[WhiteElo "1970"]
[BlackElo "1796"]
[PlyCount "86"]
[EventDate "2008.03.30"]
[EventType "team-tourn"]
[EventRounds "9"]
[EventCountry "CRO"]
[SourceTitle "EXT 2011"]
[Source "ChessBase"]
[SourceDate "2010.11.26"]
[SourceVersion "1"]
[SourceVersionDate "2010.11.26"]
[SourceQuality "1"]

1. Nf3 d5 2. c4 c6 3. Qc2 Nf6 4. g3 g6 5. b3 Bg7 6. Bb2 Bf5 7. d3 0-0 8. Nbd2 Nbd7 9. Bg2 Re8 10. e4 dxe4 11. dxe4 Nxe4 12. Bxg7 Nxd2 13. Qxd2 Kxg7 14. Qc3+ e5 15. 0-0 f6 16. c5 Be4 17. Rfd1 Bd5 18. Bf1 Qe7 19. Rac1 Bxf3 20. Qxf3 Nxc5 21. Qe3 Ne6 22. h4 Nd4 23. Rc4 Rad8 24. Rdc1 Rd6 25. Bh3 Red8 26. h5 a6 27. Kg2 Qf7 28. h6+ Kf8 29. Kh2 Qd5 30. Bg2 Qe6 31. Rf1 Qg4 32. f4 Nf5 33. Qf3 Qxf3 34. Rxf3 Rd3 35. fxe5 Rxf3 36. Bxf3 fxe5 37. Rb4 Rd7 38. Bg4 Rd2+ 39. Kh3 Nd6 40. a4 Rd4 41. Rb6 Ke7 42. Bc8 Nxc8 43. Rxb7+ Rd7 0-1